| 000 | 00671nam a2200205Ia 4500 | ||
|---|---|---|---|
| 008 | 140529s9999 xx 000 0 und d | ||
| 020 | _a9781437717068 | ||
| 050 |
_aRM 300 _b.As8 2012 |
||
| 100 | _aAsperheim, Mary Kaye. | ||
| 245 |
_aIntroduction to pharmacology / _cMary Kaye Asperheim, Justin Favaro |
||
| 250 | _a12th ed. | ||
| 260 |
_aSt. Louis, Mo. : _bElsevier/Saunders, _cc2012. |
||
| 300 |
_a294 p. : _bcol. ill. ; _c28 cm. |
||
| 500 | _aIncludes glossary and index. | ||
| 650 | _aNursing. | ||
| 650 |
_aPharmaceutical preparations _xNurses’ Instruction. |
||
| 650 |
_aPharmacology _xNurses’ Instruction. |
||
| 942 |
_kFOR _cBK |
||
| 999 |
_c117577 _d117577 |
||